| 000 | 00558nam a22002057a 4500 | ||
|---|---|---|---|
| 003 | OSt | ||
| 005 | 20161006132155.0 | ||
| 008 | 161006b xxu||||| |||| 00| 0 eng d | ||
| 020 | _a9780321640062 | ||
| 020 | _a0321640063 | ||
| 040 | _cDDC. | ||
| 082 | _a547ORG 2011 | ||
| 100 |
_aLambert,B.Joseph;Gronert,Scott;[Et ....al] _911148 |
||
| 245 | _aOrganic Structural spectroscopy. | ||
| 260 |
_aBoston. _bPrentice Hall; _c2011 |
||
| 300 |
_axii,533p; _bill; _c25cm. |
||
| 504 | _aincludes index. | ||
| 650 |
_aOrganic Chemistry. _9814 |
||
| 942 |
_2ddc _cO_SHELF |
||
| 999 |
_c5311 _d5311 |
||